[Event "New York op"]
[Site "New York"]
[Date "1989.??.??"]
[Round "3"]
[White "Bisguier, Arthur Bernard"]
[Black "Shapiro, Daniel E"]
[Result "1/2-1/2"]
[WhiteElo "2405"]
[BlackElo "2350"]

1.c4 c5 2.Nf3 Nf6 3.Nc3 b6 4.e4 d6 5.d4 cxd4 6.Nxd4 Bb7 7.f3 e6 8.Be3 Be7
9.Qd2 O-O 10.O-O-O a6 11.Kb1 Nc6 12.g4 Nd7 13.Be2 Nc5 14.Rhg1 Nxd4 15.Bxd4 Bc6
16.e5 dxe5 17.Bxe5 Qc8 18.Qe3 Qb7 19.Bd6 Rfd8 20.Bxe7 Qxe7 21.g5 Qb7 22.b3 Qc7
23.f4 Rxd1+ 24.Rxd1 Rd8 25.Rd4 Rxd4 26.Qxd4 a5 27.Kb2 Kf8 28.Bd1 Qxf4 29.Qd8+ Be8
30.Bc2 Nd7 31.h4 Qb8 32.Qxb8 Nxb8 33.a3 Bc6 34.b4 axb4 35.axb4 h6 36.Be4 hxg5
37.hxg5 Bxe4 38.Nxe4 Ke7 39.Kc3 f6 40.gxf6+ gxf6 41.c5 bxc5 42.Nxc5 Kd6 43.Kc4 Nd7
44.Nd3 e5 45.b5 Nb6+ 46.Kb4 e4 47.Ne1 f5 48.Ng2 Nd7 49.Ne3 f4 50.Nc4+ Kd5
51.Kc3 Ne5 52.b6 Nc6 53.b7 Kc5 54.Ne5 Nb8 55.Ng4 Kd5 56.Kd2 Ke6 57.Ke2 Kf5
58.Nf2 Ke5 59.Ng4+ Kd4 60.Kd2 Nc6 61.Ke2  1/2-1/2

[Event "New York op"]
[Site "New York"]
[Date "1989.??.??"]
[Round "4"]
[White "Frias, Victor J"]
[Black "Zaltsman, Vitaly F"]
[Result "1/2-1/2"]
[WhiteElo "2510"]
[BlackElo "2420"]

1.c4 c5 2.Nf3 Nf6 3.Nc3 e6 4.g3 d5 5.cxd5 Nxd5 6.Bg2 Be7 7.O-O Nc6 8.d4 O-O
9.Nxd5 exd5 10.dxc5 Bxc5 11.Ne1 d4 12.Nd3 Bb6 13.b4 Be6 14.Nf4 Bf5 15.b5 Na5
16.Bd2 Qd7 17.Qa4 a6 18.Nd5 axb5 19.Qb4 Bd8 20.Qxd4 Nc6 21.Qb2 Na5 22.Ne3 Bf6
23.Bc3 Bxc3 24.Qxc3 Be6 25.Rfd1 Rfc8 26.Qe5 Qe8 27.Nd5 Bxd5 28.Rxd5 Qxe5
29.Rxe5 Rc2 30.Rxb5 Rxe2 31.Bxb7 Nxb7 32.Rxb7 g6 33.a4 Re5 34.Ra3 Rf5 35.Kg2 h5
36.h4 Kg7 37.Rb4 Rfa5 38.Kf3 R8a6 39.Ke3 Rf5 40.Rf4 Rfa5 41.Kd3 f6 42.Kc3 g5
43.Rc4 Kg6 44.Ra2 Rf5 45.Rd2 Rb6 46.Ra2 Ra6 47.Kb3 Ra8 48.Rac2 Rf3+ 49.R4c3 Rf5
50.hxg5 fxg5 51.Rc6+ Rf6 52.Rxf6+ Kxf6 53.Rc6+ Kf5 54.Rc5+ Kf6 55.a5 Rh8
56.a6 h4 57.Rc6+ Kf5 58.a7 Ra8 59.Rc7 Kg4 60.gxh4 gxh4 61.Rh7 h3 62.Kc4 h2  1/2-1/2

[Event "New York op"]
[Site "New York"]
[Date "1989.??.??"]
[Round "8"]
[White "Thorsteins, Karl"]
[Black "Dlugy, Maxim"]
[Result "1-0"]
[WhiteElo "2430"]
[BlackElo "2570"]

1.c4 c5 2.Nf3 Nf6 3.Nc3 e6 4.g3 d5 5.cxd5 Nxd5 6.Bg2 Be7 7.O-O O-O 8.d4 Nc6
9.e4 Nb6 10.dxc5 Qxd1 11.Rxd1 Bxc5 12.e5 Bb4 13.Bf1 Bxc3 14.bxc3 Bd7 15.Be3 Nd5
16.Bc5 Rfd8 17.c4 Nde7 18.Rab1 b6 19.Bd6 Be8 20.c5 Nd5 21.Rdc1 Na5 22.Nd4 Nb7
23.Bb5  1-0

[Event "Novi Sad op"]
[Site "Novi Sad"]
[Date "1989.??.??"]
[Round "8"]
[White "Vukanovic, Sasa"]
[Black "Deze, Anton"]
[Result "0-1"]
[WhiteElo "2280"]
[BlackElo "2375"]

1.Nf3 c5 2.c4 Nf6 3.Nc3 b6 4.d4 cxd4 5.Nxd4 Bb7 6.f3 d6 7.e4 e6 8.Be3 Be7
9.Be2 O-O 10.O-O a6 11.a4 Nc6 12.Nxc6 Bxc6 13.Qb3 Rb8 14.Rfd1 Qc7 15.Bf1 Rfe8
16.Rac1 Ba8 17.Ne2 Bf8 18.Nd4 Nd7 19.Qc2 Qb7 20.Qf2 Rbc8 21.b4 Qb8 22.Rb1 Qc7
23.Rdc1 Qd8 24.Nb3 d5 25.c5 bxc5 26.bxc5 dxe4 27.Bxa6 exf3 28.Bxc8 Qxc8 29.Nd4 Ne5
30.c6 Nd3 31.Qxf3 Nxc1 32.Rxc1 Qa6 33.Qd1 Rc8 34.c7 Qb7 35.Qc2 Rxc7 36.Qa2 Rxc1+
37.Bxc1 Bc5 38.Be3 Qe4 39.Qd2 f5 40.Nc2 Bd6 41.a5 Qe5 42.h3 Bd5 43.a6 Qh2+
44.Kf1 Bc4+  0-1

[Event "Novosibirsk"]
[Site "Novosibirsk"]
[Date "1989.??.??"]
[Round "?"]
[White "Vekshenkov, Nikolai"]
[Black "Chuchelov, Vladimir"]
[Result "1/2-1/2"]
[WhiteElo "2295"]
[BlackElo "2315"]

1.c4 c5 2.Nf3 Nf6 3.Nc3 e6 4.g3 b6 5.Bg2 Bb7 6.O-O Be7 7.Re1 d5 8.cxd5 exd5
9.d4 O-O 10.Bf4 Na6 11.Rc1 Re8 12.Qb3 cxd4 13.Nxd4 Nc5 14.Qd1 a6 15.b4 Nce4
16.Qb3 Rc8 17.Red1 Bf8 18.a3 Qd7 19.Na4 Qd8 20.Bh3 Rc4 21.Nb2 Rxc1 22.Rxc1 Nd6
23.Qc2 Re4 24.e3 Nfe8 25.Qb3 Nf6 26.Bg2 Re8 27.Qc2 Qd7 28.Bxd6 Bxd6 29.Qf5 Rc8
30.Rxc8+ Bxc8 31.Qc2 Bb7 32.Na4 Qd8 33.Nc3 Bf8 34.Qd3 Qd7 35.Nde2 a5 36.Qd4 Qd6
37.bxa5 bxa5 38.a4 Qa3 39.Bf3 h6 40.Nf4 Bc5 41.Nb5 Qc1+ 42.Qd1 Qc4 43.Be2 Qe4
44.Bf3 Qc4 45.Be2  1/2-1/2

[Event "Kotov mem"]
[Site "Odessa"]
[Date "1989.??.??"]
[Round "?"]
[White "Krasenkow, Michal"]
[Black "Szekely, Peter"]
[Result "1/2-1/2"]
[WhiteElo "2530"]
[BlackElo "2405"]

1.Nf3 Nf6 2.c4 b6 3.Nc3 c5 4.g3 Bb7 5.Bg2 g6 6.d3 Bg7 7.e4 O-O 8.O-O Nc6
9.Re1 e5 10.Nd5 h6 11.Bd2 d6 12.a3 Nxd5 13.exd5 Ne7 14.b4 Bc8 15.Rb1 Bd7
16.bxc5  1/2-1/2

[Event "Ostend op"]
[Site "Ostend"]
[Date "1989.??.??"]
[Round "4"]
[White "Van der Sterren, Paul"]
[Black "Lalic, Susan"]
[Result "1/2-1/2"]
[WhiteElo "2515"]
[BlackElo "2345"]

1.Nf3 Nf6 2.c4 e6 3.Nc3 c5 4.g3 d5 5.cxd5 exd5 6.d4 Nc6 7.Bg2 Be7 8.O-O O-O
9.Bg5 cxd4 10.Nxd4 h6 11.Be3 Re8 12.Rc1 Bf8 13.Nxc6 bxc6 14.Na4 Ng4 15.Bc5 Ba6
16.Rc2 Bb5 17.Bxf8 Bxa4 18.Qd4 Kxf8 19.Qxa4 Ne5 20.Rd1 Qb6 21.e4 dxe4 22.Bxe4 Rad8
23.Rxd8 Rxd8 24.Qa3+ Kg8 25.Qe7 Qd4 26.Rc5 Qxe4 27.Qxd8+ Kh7 28.Qd1 Nf3+
29.Kh1 Ne1+ 30.f3 Qe3 31.Rc2 Nxc2 32.Qxc2+ g6 33.Kg2 c5 34.Qf2 Qe6 35.b3 Qd5
36.Qe3 a5 37.Qf4 Kg7 38.h4 h5 39.Kf2 Qd3 40.Qc1 Qd4+ 41.Qe3  1/2-1/2

[Event "Pancevo"]
[Site "Pancevo"]
[Date "1989.??.??"]
[Round "10"]
[White "Markovic, V."]
[Black "Todorovic, Goran M"]
[Result "1/2-1/2"]
[WhiteElo "2300"]
[BlackElo "2445"]

1.Nf3 Nf6 2.c4 c5 3.Nc3 e6 4.e3 d5 5.d4 Nc6 6.Be2 a6 7.cxd5 exd5 8.dxc5 Bxc5
9.O-O O-O 10.Nd4 Qd6 11.b3 Be6 12.Bb2 Nxd4 13.exd4  1/2-1/2

[Event "Paris op-1"]
[Site "Paris"]
[Date "1989.??.??"]
[Round "?"]
[White "Garabedian, Vahakn"]
[Black "Amram, Roger"]
[Result "1-0"]
[WhiteElo "2010"]
[BlackElo "1780"]

1.Nf3 Nf6 2.c4 c5 3.Nc3 d5 4.cxd5 Nxd5 5.g3 g6 6.Bg2 Bg7 7.O-O O-O 8.Nxd5 Qxd5
9.d3 Nc6 10.a3 Rb8 11.Rb1 b6 12.Bf4 Bb7 13.Ne5 Qe6 14.Nxc6 Bxc6 15.Bxc6 Qxc6
16.Bxb8 Rxb8 17.Qc2 Qd6 18.b4 cxb4 19.axb4 e6 20.Rfc1 Bf8 21.Qc7 Qxc7 22.Rxc7 a6
23.Ra7 Rc8 24.Rxa6  1-0

[Event "Paris op-1"]
[Site "Paris"]
[Date "1989.??.??"]
[Round "?"]
[White "Hauseux, Philippe"]
[Black "Palvolgyi, Istvan"]
[Result "0-1"]
[WhiteElo "1950"]
[BlackElo "2260"]

1.c4 Nf6 2.Nc3 c5 3.Nf3 d5 4.cxd5 Nxd5 5.g3 Nc6 6.Bg2 Nc7 7.O-O e5 8.d3 Be7
9.Be3 O-O 10.Na4 Ne6 11.Rc1 Qa5 12.Nd2 Bd7 13.Nc4 Qc7 14.Nc3 f6 15.Nd5 Qd8
16.Nxe7+ Qxe7 17.Bd2 Rac8 18.f4 exf4 19.gxf4 Ned4 20.e3 Nf5 21.Bd5+ Be6 22.Bxe6+ Qxe6
23.e4 Nfd4 24.f5 Qe7 25.Qh5 Rfd8 26.Rf4 Qf7 27.Qd1 b5 28.Ne3 Ne5 29.Nd5 Nxd3
30.Rg4 Nxc1 31.Bxc1 Rxd5 32.exd5  0-1

[Event "Paris-ch"]
[Site "Paris"]
[Date "1989.??.??"]
[Round "1"]
[White "Giffard, Nicolas"]
[Black "Fedorowicz, John P"]
[Result "1/2-1/2"]
[WhiteElo "2345"]
[BlackElo "2505"]

1.Nf3 c5 2.c4 Nf6 3.Nc3 g6 4.e4 Bg7 5.d4 O-O 6.dxc5 Qa5 7.Bd3 Qxc5 8.O-O d6
9.h3 Nbd7 10.Be3 Qc7 11.Rc1 a6 12.Qe2 e6 13.Rfd1 b6 14.Bb1 Re8 15.Bf4 Nd5
16.Nxd5  1/2-1/2

[Event "Paris AECE"]
[Site "Paris"]
[Date "1989.??.??"]
[Round "1"]
[White "Pira, Davoud"]
[Black "Badii, Madjid"]
[Result "1-0"]
[WhiteElo "2355"]
[BlackElo "2230"]

1.c4 c5 2.Nc3 Nf6 3.Nf3 e6 4.g3 b6 5.Bg2 Bb7 6.O-O d6 7.b3 Be7 8.e3 O-O 9.Bb2 Nbd7
10.d4 cxd4 11.Nxd4 Qc8 12.e4 a6 13.Rc1 Ra7 14.Qe2 Ba8 15.h3 Re8 16.Kh2 Nc5
17.f4 g6 18.Nc2 Rc7 19.b4 Ncd7 20.Ne3 d5 21.e5 d4 22.exf6 dxc3 23.fxe7 cxb2
24.Qxb2 Bxg2 25.Kxg2 Rxe7 26.Rfd1 Qb8 27.Rd6 h5 28.Rcd1 Qa8+ 29.Kf2 a5 30.b5 Qe4
31.Rxb6 Re8 32.Rbd6 Nc5 33.Qd4 Qa8 34.Rd8 Ne4+ 35.Kg1 Rc8 36.Rxe8+ Rxe8 37.Kh2 Nf2
38.Rf1 Rd8 39.Qb2 Ne4 40.Rd1 Rxd1 41.Nxd1 Qd8 42.Nf2 Nd2 43.Qc3 e5 44.Qd3 Qxd3
45.Nxd3 Nxc4 46.Nxe5 Nb6 47.Kg2 Kg7 48.Kf3 f6 49.Nc6 Nc4 50.Ke2 Kf7 51.Kd3 Nd6
52.b6 Nb7 53.Kc4 Ke6 54.Kb5 g5 55.fxg5 f5 56.h4  1-0

[Event "World op"]
[Site "Philadelphia"]
[Date "1989.??.??"]
[Round "3"]
[White "Djuric, Stefan"]
[Black "Alburt, Lev O"]
[Result "1-0"]
[WhiteElo "2475"]
[BlackElo "2520"]

1.Nf3 Nf6 2.c4 c5 3.Nc3 e6 4.e3 g6 5.b3 Bg7 6.Bb2 O-O 7.Be2 b6 8.O-O Bb7
9.Qc2 Qe7 10.a3 d6 11.d3 Nbd7 12.b4 Rfc8 13.bxc5 Nxc5 14.a4 d5 15.cxd5 Nxd5
16.Nxd5 Bxd5 17.Bxg7 Kxg7 18.Qb2+ Qf6 19.d4 Nb3 20.Rad1 Na5 21.Nd2 Rc7 22.Rc1 Rac8
23.Rxc7 Rxc7 24.e4 Bb7  1-0

[Event "Philadelphia"]
[Site "Philadelphia"]
[Date "1989.??.??"]
[Round "5"]
[White "Baquero, Luis A"]
[Black "Klein, Lawrence"]
[Result "1-0"]
[WhiteElo "2335"]
[BlackElo "2280"]

1.c4 Nf6 2.Nc3 c5 3.Nf3 e6 4.g3 b6 5.Bg2 Bb7 6.O-O a6 7.d4 cxd4 8.Qxd4 Be7
9.Na4 b5 10.cxb5 axb5 11.Nc5 Bd5 12.Be3 Nc6 13.Qc3 O-O 14.Rfd1 d6 15.Nd3 Ne4
16.Qc2 Rc8 17.Nf4 Nb4 18.Qb1 Ba8 19.Ne1 Nf6 20.Bh3 Be4 21.Nfd3 Nbd5 22.Bd2 Qb6
23.Bg2 Rc7 24.a4 b4 25.a5 Qb5 26.f3 Bxd3 27.Qxd3 Qc5+ 28.Kh1 Nd7 29.e4 N5f6
30.Rdc1 Qa7 31.Rxc7 Qxc7 32.Bxb4 Rb8 33.Qd2 Qb7 34.Ba3 Ne5 35.Qe2 Qb3 36.a6 Nc4
37.Qd3 Qxd3 38.Nxd3 Ra8 39.Bb4 Nd7 40.f4 Nb8 41.a7 Nc6 42.Ra6 Nxb4 43.Nxb4 Bd8
44.e5 d5 45.Nxd5 exd5 46.Bxd5 Nb6 47.Bxa8 Nxa8 48.Rc6  1-0

[Event "Rubinstein mem"]
[Site "Polanica Zdroj"]
[Date "1989.??.??"]
[Round "4"]
[White "Schmidt, Wlodzimierz"]
[Black "Siekanski, Janusz"]
[Result "1/2-1/2"]
[WhiteElo "2460"]
[BlackElo "2340"]

1.Nf3 Nf6 2.c4 c5 3.Nc3 b6 4.g3 Bb7 5.Bg2 e6 6.O-O d6 7.b3 a6 8.Bb2 Be7 9.e3 O-O
10.d4 Nbd7 11.Qe2 Ne4 12.Rfd1 Qb8 13.Nxe4 Bxe4 14.Ne5 Bxg2 15.Nxd7 Qb7 16.Nxf8 Bf3
17.Qd3 Rxf8 18.Rd2  1/2-1/2

[Event "Rubinstein mem"]
[Site "Polanica Zdroj"]
[Date "1989.??.??"]
[Round "8"]
[White "Schmidt, Wlodzimierz"]
[Black "Zaichik, Gennadi"]
[Result "1-0"]
[WhiteElo "2460"]
[BlackElo "2500"]

1.Nf3 Nf6 2.c4 e6 3.Nc3 c5 4.g3 b6 5.Bg2 Bb7 6.O-O Be7 7.d4 cxd4 8.Qxd4 d6
9.b3 Nbd7 10.Nb5 Nc5 11.Rd1 Nfe4 12.b4 Bf6 13.Qe3 Bxa1 14.bxc5 O-O 15.Ng5 Nxf2
16.Qxf2 Bxg2 17.Qxg2 h6 18.Ne4 a6 19.Nbxd6 bxc5 20.Be3 Bd4 21.Bxd4 cxd4 22.Rxd4 Qa5
23.Qf3 Qxa2 24.Nf6+ Kh8 25.Nxf7+  1-0

[Event "Rubinstein mem"]
[Site "Polanica Zdroj"]
[Date "1989.??.??"]
[Round "10"]
[White "Schmidt, Wlodzimierz"]
[Black "Nun, Jiri"]
[Result "1/2-1/2"]
[WhiteElo "2460"]
[BlackElo "2475"]

1.Nf3 Nf6 2.c4 e6 3.Nc3 c5 4.g3 b6 5.Bg2 Bb7 6.O-O Be7 7.d4 cxd4 8.Qxd4 O-O
9.Rd1 Qc8 10.b3 d5 11.cxd5 Nxd5 12.Nxd5 Bxd5 13.Bb2 Bf6 14.Qd2 Bxb2 15.Qxb2 Nd7
16.Rac1 Qb7 17.Ne5 Nf6 18.Bxd5 Nxd5 19.b4 b5  1/2-1/2

[Event "Bohemians-B"]
[Site "Prague"]
[Date "1989.??.??"]
[Round "?"]
[White "Kopicka, K."]
[Black "Dejkalo, Stefan"]
[Result "0-1"]
[WhiteElo "2220"]
[BlackElo "2410"]

1.Nf3 c5 2.c4 Nf6 3.Nc3 e6 4.g3 d5 5.cxd5 Nxd5 6.Bg2 Nc6 7.O-O Be7 8.d4 O-O
9.e4 Ndb4 10.d5 exd5 11.Nxd5 Be6 12.Nxe7+ Qxe7 13.a3 Rfd8 14.Bd2 Nd3 15.Qc2 a5
16.Ng5 c4 17.Nxe6 Qxe6 18.Be3 b5 19.f4 Nd4 20.Bxd4 Rxd4 21.e5 Rad8 22.Rad1 Qb6
23.Kh1 Nxb2 24.Rxd4 Qxd4 25.Qf5 Nd3 26.h3 c3 27.e6 fxe6 28.Qxe6+ Kh8  0-1

[Event "Ptuj"]
[Site "Ptuj"]
[Date "1989.??.??"]
[Round "3"]
[White "Polajzer, Danilo"]
[Black "Mencinger, Vojko"]
[Result "1/2-1/2"]
[WhiteElo "2345"]
[BlackElo "2395"]

1.Nf3 c5 2.c4 Nf6 3.Nc3 g6 4.e3 Bg7 5.d4 O-O 6.Be2 Na6 7.O-O d6 8.b3 b6 9.Bb2 e6
10.Nb5 Ne4 11.Nd2 Nxd2 12.Qxd2 Bb7 13.Rfd1 Qg5 14.d5 Bxb2 15.Qxb2 Rfd8 16.h4 Qe7
17.dxe6 Qxe6 18.Rd2 Bc6 19.a4 Rd7 20.Rad1 Rad8 21.h5 Nb4 22.h6 f6 23.Bf3 Bxf3
24.gxf3 Nc6 25.Qc2 Qh3 26.f4  1/2-1/2

[Event "Ptuj"]
[Site "Ptuj"]
[Date "1989.??.??"]
[Round "4"]
[White "Simic, Radoslav"]
[Black "Podvrsnik, Marko"]
[Result "1-0"]
[WhiteElo "2485"]
[BlackElo "2290"]

1.Nf3 c5 2.c4 Nf6 3.Nc3 e6 4.g3 b6 5.Bg2 Bb7 6.O-O Be7 7.d4 cxd4 8.Qxd4 d6
9.Rd1 a6 10.Bg5 Nbd7 11.Qd2 Rc8 12.b3 h6 13.Bf4 e5 14.Be3 Qc7 15.Nh4 Bxg2
16.Kxg2 g6 17.Bxh6 b5 18.Bg7 Rh5 19.Rac1 Qb7+ 20.Kg1 bxc4 21.Nf3 cxb3 22.axb3 Nc5
23.Bxf6 Nxb3 24.Qb2 Bxf6 25.Nd5 Rxc1 26.Nxf6+ Ke7 27.Rxc1 Kxf6 28.Rb1 Qc8
29.Qxb3 e4 30.Qb2+ Ke7 31.Qb7+ Qxb7 32.Rxb7+ Kf6 33.Nd2 Ke5 34.Re7+ Kd5 35.Rxe4 Re5
36.Ra4 Rxe2 37.Nf3  1-0

[Event "Sagua la Grande"]
[Site "Sagua la Grande"]
[Date "1989.??.??"]
[Round "7"]
[White "Vilela, Jose Luis"]
[Black "Guevara, M."]
[Result "1/2-1/2"]
[WhiteElo "2405"]
[BlackElo "2310"]

1.Nf3 Nf6 2.c4 c5 3.Nc3 d5 4.cxd5 Nxd5 5.d4 cxd4 6.Qxd4 Nxc3 7.Qxc3 Nc6 8.e4 Qa5
9.Qxa5 Nxa5 10.Ne5 Bd7 11.Nxd7 Kxd7 12.Bb5+ Nc6 13.Bf4 Rc8 14.Ke2 a6 15.Rhd1+ Ke6
16.Bxc6 Rxc6 17.Rac1 g6 18.Rxc6+ bxc6 19.Rc1 Kd7 20.Rc3 Bg7 21.Rb3 Ra8 22.Rb7+ Kd8
23.b3 a5 24.a4 Bb2 25.Kd3 Ba3 26.Kc4 Ra6 27.Be3 Kc8 28.Rb6 Rxb6 29.Bxb6 Bb4
30.Bc5 Be1 31.f3 e6 32.Bd4 Kc7 33.Bc5 Kb7 34.Kd4 Bf2+ 35.Kc4 Be1 36.h3 Kc7
37.Kd3 Kd7 38.Ke3 Bc3 39.Kd3 Be1 40.Kd4 Bf2+ 41.Kc4 Bg3 42.b4 axb4 43.Bxb4 Kc7
44.Ba5+ Kb7 45.Kc5 Bf4 46.g4 h5 47.gxh5 gxh5 48.Bb4 Kc7 49.Ba5+ Kb7 50.Bc3 Kc7
51.e5 Be3+ 52.Kc4 Kb7 53.Bd4 Bc1 54.Kb4 Bg5 55.Kc4 Bc1 56.Bc3 Be3 57.Bb2 Bd2
58.Kc5 Kc7 59.Bd4 Bc1 60.Bc3 Be3+ 61.Kc4 Kb7 62.Bb2 Bd2 63.Bd4 Bc1  1/2-1/2

[Event "Santiago"]
[Site "Santiago"]
[Date "1989.??.??"]
[Round "?"]
[White "Morovic Fernandez, Ivan"]
[Black "Panno, Oscar"]
[Result "1/2-1/2"]
[WhiteElo "2540"]
[BlackElo "2495"]

1.c4 c5 2.Nf3 Nf6 3.Nc3 e6 4.e4 Nc6 5.Be2 d5 6.exd5 exd5 7.d4 cxd4 8.Nxd4 Be7
9.Bf3 Nxd4 10.Qxd4 dxc4 11.Qxc4 O-O 12.O-O a6 13.Rd1 Qa5 14.Qb3 Bc5 15.Bd2 Qc7
16.Na4 Ng4 17.Bxg4 Bxg4 18.Rdc1 Qd6 19.Nxc5 Qxd2 20.Qxb7 Rfe8 21.Ne4 Qf4
22.Re1 Rab8 23.Qa7 h6 24.b3 Rbd8 25.f3 Bc8 26.Qf2 Bb7 27.Nc5 Rxe1+ 28.Rxe1 Rd2
29.Qe3 Qxe3+ 30.Rxe3 Bc6 31.Nxa6 Rxa2 32.Nb4 Ra1+ 33.Kf2 Bd7 34.Nd3 Rb1 35.Nc5 Bb5
36.g4 Rb2+ 37.Kg3 g5 38.Re1 Rc2 39.Ne4 Rb2 40.Nc5 Rc2 41.Ne4 Rb2 42.Nd6 Rxb3
43.Re7 Bc6 44.Rxf7 Rd3 45.Nc4 Kxf7 46.Ne5+ Kf6 47.Nxd3 Bb5 48.Nf2 Ke5 49.Ne4 Bc6
50.Nd2 Bd5 51.h3 Bf7 52.Nf1 Bc4 53.Ne3 Bd3 54.h4 gxh4+ 55.Kxh4 Bg6 56.Ng2 Be8
57.f4+ Kf6 58.Ne3 Bg6 59.Nd5+ Ke6 60.Nc3 Kf6 61.Ne2 Be8 62.Ng3 Bd7 63.Ne4+ Kg6
64.Nd6 Kf6 65.Kh5 Kg7 66.f5 Bc6 67.Kh4 Kf6 68.Nc4 Be8 69.Ne3 Bf7  1/2-1/2

[Event "URS Army-ch"]
[Site "Simferopol"]
[Date "1989.??.??"]
[Round "?"]
[White "Utemov, Vladimir"]
[Black "Tseshkovsky, Vitaly"]
[Result "1-0"]
[WhiteElo "2395"]
[BlackElo "2520"]

1.Nf3 Nf6 2.c4 c5 3.Nc3 d5 4.cxd5 Nxd5 5.e4 Nb4 6.Bb5+ N8c6 7.d4 cxd4 8.a3 dxc3
9.Qxd8+ Kxd8 10.axb4 cxb2 11.Bxb2 e5 12.Bxc6 bxc6 13.Nxe5 Kc7 14.O-O f6 15.Nd3 Be7
16.Rfc1 Rd8 17.Rc3 Kb7 18.Bc1 Rd4 19.f3 Be6 20.Be3 Rc4 21.Rca3 a6 22.Bc5 Bd8
23.Nf4 Bc8 24.Nh5 g6 25.Rd1 Bb6 26.Bxb6 Kxb6 27.Nxf6 h5 28.e5 Rxb4 29.Re3 Be6
30.Rd6 Rb1+ 31.Kf2 Rb2+ 32.Ke1 Rb3 33.Re2 Bc4 34.Re4 Bd3 35.Re3 Bc4 36.Re4 Bd3
37.Red4 Bf5 38.g4 hxg4 39.fxg4 Re3+ 40.Kd2 Rxe5 41.gxf5 Rxf5 42.Rc4 Kb5 43.Rcxc6 Rf2+
44.Kc3 Rxh2 45.Nd5 Rh3+ 46.Kc2 Ka5 47.Nc3 Rh4 48.Kb3  1-0

[Event "URS Army-ch"]
[Site "Simferopol"]
[Date "1989.??.??"]
[Round "?"]
[White "Donchenko, Anatoly G"]
[Black "Vakhidov, Tahir"]
[Result "1/2-1/2"]
[WhiteElo "2370"]
[BlackElo "2320"]

1.Nf3 c5 2.c4 Nf6 3.Nc3 d5 4.cxd5 Nxd5 5.e4 Nb4 6.Bb5+ N8c6 7.d4 cxd4 8.a3 Qb6
9.axb4 dxc3 10.Qa4 cxb2 11.Bxb2 Bd7 12.O-O Rd8 13.Nd4 e5 14.Nxc6 bxc6 15.Bc4 Qxb4
16.Bxe5 Qxa4 17.Rxa4 Bc5 18.Bxg7  1/2-1/2

[Event "URS Army-ch"]
[Site "Simferopol"]
[Date "1989.??.??"]
[Round "?"]
[White "Vakhidov, Tahir"]
[Black "Zakharov, Alexander V"]
[Result "1-0"]
[WhiteElo "2320"]
[BlackElo "2390"]

1.c4 c5 2.Nf3 Nf6 3.Nc3 g6 4.d4 cxd4 5.Nxd4 Bg7 6.g3 O-O 7.Bg2 Nc6 8.O-O Nxd4
9.Qxd4 d6 10.Qd3 a6 11.Bg5 h6 12.Bd2 Nd7 13.e4 b5 14.cxb5 Nc5 15.Qe2 axb5
16.e5 b4 17.exd6 exd6 18.Nd5 Ba6 19.Qd1 Bxf1 20.Bxf1 b3 21.a3 Ra4 22.Bc3 Bxc3
23.Nxc3 Ra5 24.Nd5 Re8 25.Bg2 Ra4 26.Rc1 Qg5 27.Rc3 Re6 28.Nc7 Re7 29.Nd5 Re8
30.h4 Qd8 31.h5 Kg7 32.hxg6 fxg6 33.Nf4 Qf6 34.Bc6 Rd4 35.Qg4 Re5 36.Qc8 h5
37.Rf3 Rf5 38.Nxh5+ gxh5 39.Rxf5 Qe7 40.Rxh5 Ne6 41.Qh8+ Kg6 42.Be8+  1-0

[Event "Slupsk"]
[Site "Slupsk"]
[Date "1989.??.??"]
[Round "10"]
[White "Weglarz, Leszek"]
[Black "Pisulinski, Jan"]
[Result "1-0"]
[WhiteElo "2325"]
[BlackElo "2400"]

1.c4 Nf6 2.Nc3 c5 3.Nf3 b6 4.d4 cxd4 5.Nxd4 Bb7 6.f3 e6 7.e4 d6 8.Be2 Be7
9.O-O a6 10.Kh1 Nbd7 11.Be3 Qc7 12.Rc1 O-O 13.Qe1 Rac8 14.Qf2 Qb8 15.Rfd1 Rfe8
16.Nc2 Bd8 17.Qf1 Bc7 18.Bg1 h5 19.h3 Ne5 20.Nb4 Qa8 21.Na4 Nfd7 22.c5 Nxc5
23.Nxc5 dxc5 24.Nxa6 Bd8 25.b4 c4 26.b5 Bxa6 27.bxa6 Qxa6 28.f4 Nd3 29.Bxd3 cxd3
30.Rxc8 Qxc8 31.Qxd3 Qb8 32.e5 Bc7 33.Qf3 h4 34.Qc6 Re7 35.a4 f6 36.exf6 gxf6
37.f5 Qe8 38.Qc4 Qh5 39.Rf1 Bg3 40.Bxb6 Kg7 41.fxe6 Qe5 42.Qg4+ Kf8 43.Bd4 Qxe6
44.Bxf6  1-0

[Event "Sochi-B"]
[Site "Sochi"]
[Date "1989.??.??"]
[Round "?"]
[White "Ivanov, Jordan"]
[Black "Tunik, Gennady"]
[Result "1/2-1/2"]
[WhiteElo "2300"]
[BlackElo "2470"]

1.Nf3 Nf6 2.c4 c5 3.Nc3 b6 4.e4 d6 5.d4 cxd4 6.Nxd4 e6 7.g3 Bb7 8.Bg2 a6
9.O-O Qc7 10.Qe2 Be7 11.Be3 O-O 12.Rac1  1/2-1/2

[Event "Sochi-B"]
[Site "Sochi"]
[Date "1989.??.??"]
[Round "?"]
[White "Sorokin, Maxim"]
[Black "Kallai, Gabor"]
[Result "1/2-1/2"]
[WhiteElo "2420"]
[BlackElo "2405"]

1.c4 c5 2.Nf3 Nf6 3.Nc3 e6 4.g3 b6 5.Bg2 Bb7 6.O-O d6 7.b3 a6 8.Bb2 Be7 9.d4 cxd4
10.Qxd4 Nbd7 11.Rfd1 O-O 12.Ng5 Bxg2 13.Kxg2 Qc7 14.Nge4 Qc6 15.f3 Rfd8 16.Nxf6+ Nxf6
17.Rac1 Bf8 18.Qf4 Rd7 19.Rd3 Rad8 20.e4 Qb7 21.a4 Re8 22.Rcd1 Rc7 23.e5 dxe5
24.Qxe5 Rd7 25.Qe2  1/2-1/2

[Event "Sochi-B"]
[Site "Sochi"]
[Date "1989.??.??"]
[Round "?"]
[White "Panchenko, Alexander N"]
[Black "Grosar, Aljosa"]
[Result "1/2-1/2"]
[WhiteElo "2430"]
[BlackElo "2385"]

1.Nf3 Nf6 2.c4 c5 3.Nc3 d5 4.cxd5 Nxd5 5.g3 Nc6 6.Bg2 Nc7 7.O-O e5 8.a3 Bd7
9.e3 Ne6 10.Rb1 f6 11.Nh4 g6 12.f4 exf4 13.gxf4 f5 14.Nf3 Bg7 15.b4 b6 16.b5 Na5
17.Ne5 Rc8 18.Bb2 O-O 19.Qf3 Bxe5 20.fxe5 Nc4 21.Qd5 Nxb2 22.Rxb2 Kh8 23.Qd6 Qc7
24.Qxc7 Rxc7 25.Nd5 Rcc8 26.Rd1 c4 27.Nf6 Nc5 28.Bd5 Be6 29.Bxe6 Nxe6 30.d4 cxd3
31.Rxd3 Rfd8  1/2-1/2

[Event "BUL-ch"]
[Site "Sofia"]
[Date "1989.??.??"]
[Round "?"]
[White "Ermenkov, Evgenij"]
[Black "Donchev, Dimitar I"]
[Result "1/2-1/2"]
[WhiteElo "2490"]
[BlackElo "2505"]

1.c4 e6 2.Nc3 c5 3.Nf3 Nf6 4.g3 d5 5.cxd5 exd5 6.d4 Nc6 7.Bg2 Be7 8.O-O O-O
9.b3 Ne4 10.Bb2 Bf6 11.Na4 Re8 12.Rc1 cxd4 13.Nxd4 Bd7 14.Nc5 Nxd4 15.Bxd4 Bc6
16.e3 Qa5 17.Nxe4 dxe4 18.Bxf6 gxf6 19.Qg4+ Qg5 20.Qf4 Rad8 21.Rfd1 Qe5 22.Bf1 Kg7
23.Bc4 Qh5 24.Rd6 Rxd6 25.Qxd6 Re5 26.Rc2 Rd5 27.Bxd5 Qd1+ 28.Kg2 Qf3+ 29.Kg1  1/2-1/2

[Event "JUG-ch (Women)"]
[Site "Split"]
[Date "1989.??.??"]
[Round "4"]
[White "Cejic, Dusica"]
[Black "Pihajlic, Amalija"]
[Result "1-0"]
[WhiteElo "2195"]
[BlackElo "2175"]

1.Nf3 c5 2.c4 Nf6 3.Nc3 g6 4.d4 cxd4 5.Nxd4 Bg7 6.e4 d6 7.Be2 O-O 8.Be3 Bd7
9.O-O Nc6 10.Qd2 Nxd4 11.Bxd4 Qa5 12.Rfd1 Kh8 13.Rac1 Rac8 14.b4 Qxb4 15.Rb1 Qa5
16.Rxb7 a6 17.e5 dxe5 18.Bb6 Qb4 19.c5 Rfe8 20.a3 Qb3 21.Bxa6 Bc6 22.Rxe7 Rxe7
23.Bxc8 Re8 24.Ba6 Qxa3 25.Bb5 Qa8 26.Bxc6 Qxc6 27.Qd6 Qxd6 28.Rxd6 Rc8 29.Rd8+ Rxd8
30.Bxd8 Ne8 31.Nd5 e4 32.Nc7 Bd4 33.Nxe8 Bxc5 34.Bf6+ Kg8 35.Kf1 Kf8 36.Nc7  1-0

[Event "JUG-ch (Women)"]
[Site "Split"]
[Date "1989.??.??"]
[Round "11"]
[White "Nutu Gajic, Dana"]
[Black "Kovacevic, Radmila"]
[Result "1-0"]
[WhiteElo "2320"]
[BlackElo "2095"]

1.Nf3 Nf6 2.c4 c5 3.Nc3 d5 4.cxd5 Nxd5 5.g3 Nc6 6.Bg2 Nc7 7.O-O e6 8.d3 Be7
9.Be3 O-O 10.Rc1 Nd4 11.Ne4 b6 12.Bxd4 cxd4 13.Nxd4 Nd5 14.Nc6 Qd7 15.Nc3 Bb7
16.Nxd5 exd5 17.Nxe7+ Qxe7 18.e3 Rfd8 19.Qa4 a5 20.a3 h6 21.Qd4 Qd6 22.Rc3 b5
23.Rc5 Qb6 24.Rfc1 b4 25.a4 Qe6 26.Rb5 Qd7 27.b3 Rac8 28.Rcc5 Rxc5 29.Rxc5 Qd6
30.h4 Qb6 31.Rb5 Qc6 32.Qc5  1-0

[Event "SWE-ch"]
[Site "?"]
[Date "1989.??.??"]
[Round "?"]
[White "Bergstrom, Christer"]
[Black "Sjodahl, Pontus"]
[Result "1/2-1/2"]
[WhiteElo "2460"]
[BlackElo "2240"]

1.Nf3 Nf6 2.c4 g6 3.Nc3 c5 4.g3 Bg7 5.Bg2 O-O 6.d4 cxd4 7.Nxd4 Nc6 8.O-O Ng4
9.e3 d6 10.b3 Nxd4 11.exd4 Nh6 12.Bb2 Nf5 13.d5 Bd7 14.Qd2 Qa5 15.Rfe1 Rac8
16.Re4 b5 17.Rae1 bxc4 18.bxc4 e5 19.dxe6 Bxe6 20.Bf1 Rc5 21.Rd1 Rb8 22.Ba1 Rbc8
23.Qe1 Re5 24.Rxe5 Bxe5 25.Nb5 Qxe1 26.Rxe1  1/2-1/2

[Event "SWE-ch"]
[Site "?"]
[Date "1989.??.??"]
[Round "?"]
[White "Ornstein, Axel"]
[Black "Bergstrom, Christer"]
[Result "1/2-1/2"]
[WhiteElo "2460"]
[BlackElo "2460"]

1.Nf3 c5 2.c4 Nf6 3.Nc3 e6 4.e3 d5 5.cxd5 exd5 6.d4 Nc6 7.Be2 a6 8.O-O Bd6
9.b3 O-O 10.Ba3 cxd4 11.Bxd6 Qxd6 12.Nxd4 Be6 13.Rc1 Rac8 14.Bf3 Rfd8 15.h3 Ne5
16.Qd2 Qb4 17.Rfd1 Bxh3 18.Nce2 Qxd2 19.Rxd2 Rxc1+ 20.Nxc1 Rc8 21.Nce2 Nxf3+
22.Nxf3 Bg4 23.Nf4 Bxf3 24.gxf3 Kf8 25.Nxd5 Rd8 26.e4 Nxd5 27.exd5 Ke7 28.a4 Rc8
29.Rd4 Kd6 30.Rg4 g6 31.Rb4 Rc7 32.Rb6+ Kxd5 33.a5 f5 34.Kg2 g5 35.b4 h5
36.b5 axb5 37.Rxb5+ Rc5 38.Rxb7 Rxa5 39.Rg7 g4 40.Rg5 Ke5  1/2-1/2